Стасис Красаускас. Графика. Живопись: альбом

গ্রন্থ-পঞ্জীর বিবরন
প্রধান লেখক: Розанова Н. Н. Наталья Николаевна
সংক্ষিপ্ত:На пер. авт. не указан
ভাষা:রুশ
প্রকাশিত: Москва, Советский художник, 1985
মালা:Мастера советского искусства
বিষয়গুলি:
বিন্যাস: গ্রন্থ
KOHA link:https://koha.lib.tpu.ru/cgi-bin/koha/opac-detail.pl?biblionumber=284880

MARC

LEADER 00000nam0a2200000 4500
001 284880
005 20231101235735.0
020 |a RU  |b 85-5406и 
035 |a (RuTPU)RU\TPU\book\309074 
090 |a 284880 
100 |a 20150218d1985 km y0rusy5003 ca 
101 0 |a rus 
102 |a RU 
105 |a a z 001zb 
200 1 |a Стасис Красаускас. Графика. Живопись  |e альбом  |f Н. Розанова 
210 |a Москва  |c Советский художник  |d 1985 
215 |a 183 с.  |c ил. 
225 1 |a Мастера советского искусства 
300 |a На пер. авт. не указан 
320 |a Библиогр.: с. 171-177 
600 1 |a Красаускас  |b С. А.  |c литовский график  |c народный художник Литовской ССР (1977)  |c иллюстратор  |f 1929-1977  |g Стасис Альгирдо  |2 stltpush  |3 (RuTPU)RU\TPU\pers\19665  |9 7613 
606 1 |a Граверы  |2 stltpush  |3 (RuTPU)RU\TPU\subj\8408  |9 35823 
606 1 |a Живописцы  |2 stltpush  |3 (RuTPU)RU\TPU\subj\10834  |9 37852 
610 1 |a графика 
610 1 |a живопись 
610 1 |a Литва 
610 1 |a изобразительное искусство 
610 1 |a альбомы 
610 1 |a 20 век 
675 |a 76.071  |z rus  |v 3 
675 |a 75.071  |z rus  |v 3 
700 1 |a Розанова  |b Н. Н.  |g Наталья Николаевна  |4 070 
801 0 |a RU  |b RuMRKP  |c 19950704  |g psbo 
801 1 |a RU  |b 63413507  |c 20150218 
801 2 |a RU  |b 63413507  |c 20171128  |g RCR 
942 |c BK